¿Por qué se produce la violencia escolar y cómo prevenirla? (Record no. 116528)

MARC details
000 -CABECERA
campo de control de longitud fija 00544nab a2200193 a 4500
005 - FECHA Y HORA DE LA ÚLTIMA TRANSACCIÓN
campo de control 20210219155406.0
008 - ELEMENTOS DE LONGITUD FIJA--INFORMACIÓN GENERAL
campo de control de longitud fija 991125s1985 mx 000 0 spa u
035 ## - NÚMERO DE CONTROL DEL SISTEMA
Número de control de sistema UPN01000144381
100 1# - ASIENTO PRINCIPAL--NOMBRE PERSONAL
Nombre de persona Diaz Aguado, María José
222 ## - TÍTULO CLAVE
Título clave REVISTA IBEROAMERICANA DE EDUCACION
245 ## - MENCIÓN DE TÍTULO
Título ¿Por qué se produce la violencia escolar y cómo prevenirla?
260 ## - PUBLICACIÓN, DISTRIBUCIÓN, ETC.
Lugar de publicación, distribución, etc. Madrid, España
300 ## - DESCRIPCIÓN FÍSICA
Extensión 17-47
362 0# - FECHAS DE PUBLICACIÓN Y/O DESIGNACIÓN SECUENCIAL
Fecha de publicación y/o designación secuencial 2005 No. 37, ene.-abr.
653 0# - TERMINO DE INDIZACION - NO CONTROLADO
Término no controlado VIOLENCIA ESCOLAR
653 0# - TERMINO DE INDIZACION - NO CONTROLADO
Término no controlado BULLYING
653 0# - TERMINO DE INDIZACION - NO CONTROLADO
Término no controlado JOVENES
905 ## - TIPO DE MATERIAL
Tipo de material Articulo

No items available.